[Event "Bremen-ch op"]
[Site "Bremen"]
[Date "2015.03.29"]
[Round "3"]
[White "Wuttke, Manfred"]
[Black "Scheunemann, Daniel"]
[Result "1-0"]
[WhiteElo "1802"]
[BlackElo "1361"]
[PlyCount "43"]
[EventDate "2015.03.28"]
[EventType "swiss"]
[EventRounds "9"]
[EventCountry "GER"]
[SourceTitle "EXT 2018"]
[Source "ChessBase"]
[SourceDate "2017.10.13"]
[SourceVersion "1"]
[SourceVersionDate "2017.10.13"]
[SourceQuality "1"]

1. d4 d5 2. c4 e6 3. Nc3 Nf6 4. Bg5 c6 5. Nf3 Nbd7 6. e3 h6 7. Bh4 Qc7 8. Bd3 Bd6 9. Rc1 0-0 10. 0-0 dxc4 11. Bxc4 b5 12. Bd3 a6 13. Re1 Bb7 14. e4 e5 15. dxe5 Nxe5 16. Bxf6 Nxf3+ 17. Qxf3 Bxh2+ 18. Kh1 gxf6 19. Nd5 Qe5 20. Nxf6+ Kh8 21. Ng4 Qh5 22. Qf6+ 1-0

[Event "Bremen-ch op"]
[Site "Bremen"]
[Date "2015.03.28"]
[Round "1"]
[White "Sausmikat, Armin"]
[Black "Scheunemann, Daniel"]
[Result "1-0"]
[WhiteElo "1893"]
[BlackElo "1361"]
[PlyCount "53"]
[EventDate "2015.03.28"]
[EventType "swiss"]
[EventRounds "9"]
[EventCountry "GER"]
[SourceTitle "EXT 2018"]
[Source "ChessBase"]
[SourceDate "2017.10.13"]
[SourceVersion "1"]
[SourceVersionDate "2017.10.13"]
[SourceQuality "1"]

1. e4 c5 2. Nf3 Nc6 3. d4 cxd4 4. Nxd4 Nxd4 5. Qxd4 d6 6. Nc3 e5 7. Qd1 Nf6 8. Bg5 Be7 9. Bc4 0-0 10. 0-0 h6 11. Bh4 Nxe4 12. Bxe7 Nxc3 13. Qxd6 Qxd6 14. Bxd6 Ne4 15. Bxf8 Kxf8 16. Rad1 Be6 17. Bxe6 fxe6 18. Rfe1 Ng5 19. Rxe5 Ke7 20. Rde1 Rd8 21. f4 Nh7 22. Rxe6+ Kf8 23. Re7 Rd2 24. Rxb7 Rxc2 25. Ree7 Rc1+ 26. Kf2 Rc2+ 27. Kf3 1-0